Devinez le Département Mystère #8 - Statistiques

Statistiques générales
  • Ce quiz a été pris 352 fois
  • Le résultat moyen est 27 sur 41
Statistiques - réponses
Type de Réponse Réponse % Correct
Lettre Trouvée A
99%
Lettre Trouvée E
99%
Lettre de l'Alphabet I
99%
Lettre Trouvée N
98%
Lettre Trouvée R
98%
Lettre de l'Alphabet O
97%
Lettre Trouvée S
97%
Lettre de l'Alphabet L
95%
Lettre Trouvée T
95%
Lettre Trouvée H
93%
Lettre Trouvée U
92%
Lettre de l'Alphabet M
88%
Lettre de l'Alphabet C
87%
Lettre de l'Alphabet D
86%
Lettre de l'Alphabet V
83%
Lettre Trouvée P
80%
Lettre de l'Alphabet B
68%
Lettre de l'Alphabet G
67%
Lettre Trouvée Y
66%
Lettre de l'Alphabet Q
59%
Lettre de l'Alphabet F
58%
Lettre de l'Alphabet X
52%
Lettre de l'Alphabet Z
51%
Lettre de l'Alphabet J
50%
Lettre Bien Placée A
45%
Lettre Bien Placée E
45%
Lettre Bien Placée É
45%
Lettre Bien Placée É
45%
Lettre Bien Placée E
45%
Lettre Bien Placée H
45%
Département Mystère Hautes-Pyrénées
45%
Lettre de l'Alphabet K
45%
Lettre Bien Placée N
45%
Lettre Bien Placée P
45%
Lettre Bien Placée R
45%
Lettre Bien Placée S
45%
Lettre Bien Placée S
45%
Lettre Bien Placée T
45%
Lettre Bien Placée U
45%
Lettre de l'Alphabet W
45%
Lettre Bien Placée Y
45%
Aucun quiz correspondant
Distribution des résultats
% des personnes avec chaque résultat
Percentile par nombre de réponses
Votre historique - résultats
Vous n’avez pas pris ce quiz